000 00310nam a2200121Ia 4500
005 20251222141924.0
008 251222s9999||||xx |||||||||||||| ||spa||
020 _a84-8130-241-4
082 _a869.634.4/G23A
100 _a"García Márquez, Gabriel"
245 0 _aCrúnica de una muerte anunciada
942 _cLIB
999 _c8814
_d8814